Nuclear south asia stability, instability arms control regime / (Record no. 156575)

MARC details
000 -LEADER
fixed length control field 00595nam a22001817a 4500
005 - DATE AND TIME OF LATEST TRANSACTION
control field 20180829140239.0
010 ## - LCCN (DPL NO)
LC control number ENG-123788
020 ## - INTERNATIONAL STANDARD BOOK NUMBER
International Standard Book Number 9789383316816
Terms of availability 1395.00
035 ## - SYSTEM CONTROL NUMBER
System control number EN-107320
037 ## - SOURCE OF ACQUISITION
Source of stock number/acquisition DBAD/PUB
082 ## - DEWEY DECIMAL CLASSIFICATION NUMBER
Classification number 327.17470954
100 ## - MAIN ENTRY--PERSONAL NAME
Personal name Sareen, C.D.
245 ## - TITLE STATEMENT
Title Nuclear south asia stability, instability arms control regime /
Statement of responsibility, etc by C.D. Sareen
260 ## - PUBLICATION, DISTRIBUTION, ETC. (IMPRINT)
Place of publication, distribution, etc New Delhi
Name of publisher, distributor, etc Gaurav Book Centre
Date of publication, distribution, etc 2018
270 ## - ADDRESS
Address 4832/24, Prahlad Lane, S-207, Ansari Road, Daryaganj,
City New Delhi
Postal code 110002
300 ## - PHYSICAL DESCRIPTION
Extent 280p.
Dimensions 22cm.(Hb)
942 ## - ADDED ENTRY ELEMENTS (KOHA)
Source of classification or shelving scheme Dewey Decimal Classification
Item type English Books
Classification part 327.17470954
Call number suffix SAR
Holdings
Withdrawn status Lost status Not for loan Collection code Home library Current library Date acquired Source of acquisition Cost, normal purchase price Full call number Barcode Copy number Cost, replacement price Koha item type
    Not For Loan Non-fiction D.B.Act.Division Bawana 29/08/2018 DBAD/PUB 1395.00 327.17470954 SAR EN-107320 1 1395.00 English Books

© Delhi Public Library
Hit Counter
free hit counter